| 000 | 00341nam a2200121Ia 4500 | ||
|---|---|---|---|
| 008 | 160609s9999 xx 000 0 und d | ||
| 100 | _aYouell, Biddy. | ||
| 245 | _aUnderstanding 8-9-year-olds | ||
| 245 | _cBy:Biddy Youell | ||
| 260 | _c2015 | ||
| 650 | _xCHILD & ADOLESCENT DEVELOPMENT | ||
| 856 | _uhttp://file.ebook777.com/003/Und89y.pdf | ||
| 999 |
_c295935 _d295935 |
||